Political theory (A) (Record no. 9325)

MARC details
000 -LEADER
fixed length control field 00531cam a2200205ua 4500
008 - FIXED-LENGTH DATA ELEMENTS--GENERAL INFORMATION
fixed length control field 180404n ii |||gr||||Z||||||asm
020 ## - INTERNATIONAL STANDARD BOOK NUMBER
International Standard Book Number 9789384303389
040 ## - CATALOGING SOURCE
Transcribing agency MAIN
082 ## - DEWEY DECIMAL CLASSIFICATION NUMBER
Classification number 320.5
100 ## - MAIN ENTRY--PERSONAL NAME
Personal name Katani, Padmeswar,
Relator term
245 ## - TITLE STATEMENT
Title Political theory (A)
Statement of responsibility, etc. By Padmeswar Katani
250 ## - EDITION STATEMENT
Edition statement 1st ed.
260 ## - PUBLICATION, DISTRIBUTION, ETC.
Place of publication, distribution, etc. Dibrugarh:
Name of publisher, distributor, etc. Mahaveer publications,
Date of publication, distribution, etc. 2015.
300 ## - PHYSICAL DESCRIPTION
Extent 144p.
700 ## - ADDED ENTRY--PERSONAL NAME
Personal name Bordoloi, Plabita,
Relator term
942 ## - ADDED ENTRY ELEMENTS (KOHA)
Koha item type Books
653 ## - INDEX TERM--UNCONTROLLED
Uncontrolled term Political science
653 ## - INDEX TERM--UNCONTROLLED
Uncontrolled term Rajnaitik tattwa
Holdings
Withdrawn status Lost status Damaged status Not for loan Home library Current library Shelving location Date acquired Total Checkouts Full call number Barcode Date last seen Date last checked out Copy number Price effective from Koha item type Date due
        Central Library, Naharkatiya College Central Library, Naharkatiya College General Stacks 19/09/2020 1 320.5 | KAT 25380 01/09/2025 30/11/2021 1 19/09/2020 Books  
        Central Library, Naharkatiya College Central Library, Naharkatiya College General Stacks 19/09/2020   320.5 | KAT 25381 19/09/2020   2 19/09/2020 Books  
        Central Library, Naharkatiya College Central Library, Naharkatiya College General Stacks 19/09/2020 1 320.5 | KAT 25382 30/11/2021 30/11/2021 3 19/09/2020 Books 16/12/2021
        Central Library, Naharkatiya College Central Library, Naharkatiya College General Stacks 19/09/2020 3 320.5 | KAT 25383 25/10/2024 07/10/2024 4 19/09/2020 Books  
        Central Library, Naharkatiya College Central Library, Naharkatiya College General Stacks 19/09/2020   320.5 | KAT 25384 19/09/2020   5 19/09/2020 Books  

Naharkatiya College © 2020. All rights reserved.

Powered By